Yo y él

Gespeichert in:
Bibliographische Detailangaben
1. Verfasser: Moravia, Alberto (autor)
Format: Buch
Sprache:Spanisch
Veröffentlicht: Barcelona Planeta 2000
Ausgabe:3a. ed
Schriftenreihe:Clásicos de Nuestro Tiempo, 1
Schlagworte:
Tags: Tag hinzufügen
Keine Tags, Fügen Sie den ersten Tag hinzu!

MARC

LEADER 00000nam a2200000 a 4500
001 UCI6539
003 CL-VaPUC
008 080509e20000000SP |||||||||||||||||spa|d
020 |a 8408463969 
082 0 4 |a 853  |b MOR  |2 21 
100 |a Moravia, Alberto  |e autor  |9 585214 
245 1 0 |a Yo y él 
250 |a 3a. ed 
300 |a 373 p 
942 |c BK 
945 |d 20080509 00:00:00  |a jtorresc 
260 |a Barcelona  |b Planeta  |c 2000 
650 0 |a Literatura italiana  |9 266970 
650 0 |a Novela italiana  |9 265740 
583 |a last modification  |c 20080509 00:00:00  |k Rodrigo Vera 
490 0 |a Clásicos de Nuestro Tiempo, 1 
999 |c 330012  |d 330010